00194nam a2200073Ia 4500008004100000082001500041245004400056300002000100230907s9999||||xx |||||||||||||| ||und|| a620.14,ADV 0aAdvances in solid oxide fuel cells IX : axi, 143 pages :